000 00607nam a2200217Ia 4500
001 7371
003 GE_BSU
008 181216s||||||||xx |||||||||||||| ||und||
040 _cGE_BSU
080 _a621.64
100 _aГордюхин,А.И.
245 _aГазовые сети и установки.
245 _cРед. А.А. Широкова.
250 _aИзд 2-ое, перераб. и доп.
260 _aМ.
260 _bСтройиздат.
260 _c1978.
300 _a393стр.с илл. 22см.
653 _aГазовые сети и установки.
942 _cBK
999 _c40732
_d40732